000 00908nam a2200229Ii 4500
003 JO-AjNU
008 230605s9999||||xx |||||||||||||| ||und||
017 _a2010/4/1284
020 _a978-9957-24-603-7
040 _aJO-AjNU
_bara
_erda
_cJO-AjNU
041 _aara
050 1 4 _aHF5548.32 .W32.2011
100 3 _aالوادي،محمود حسين/م مشارك:بلال محمود الوادي,
_eauthor
_929918
245 0 0 _aالمعرفة والادارة الالكترونية وتطبيقاتها المعاصرة
250 _aط1
264 3 1 _aعمان: دار صفاء للنشر والتوزيع؛2011
300 _a415ص
_bيحتوي على ببلوغرافية من ص 403-415ص
336 _atext
_btxt
_2rdacontent
337 _aunmediated
_bn
_2rdamedia
338 _avolume
_bnc
_2rdacarrier
650 4 _aالتجارة الدولية-الادارة العامة-التجارة
_929919
999 _aA11795
_c15363
_d15363